00519nam a2200181Ia 4500008004100000020001800041082000800059100002000067245004900087250000600136260002500142300001700167500002400184650001500208942000700223952009000230999001700320230524s9999 xx 000 0 und d a9780070634336 bNEA aDonald A.Neamen 0a"Electronics Circuit Analysis and Design , " a3 aNew DelhibTMHc2015 a"XIV,1339p;" aQuantity Number: 1 aElectrical cBK 00104070aTATCLbTATCLcGENd2023-05-24l0o NEAp53946r2023-05-24w2023-05-24yBK c56545d56545